[Kertas kerja - kertas kerja yang dibentangkan dalam Persidangan Pengarah Penilaian Negeri dan Penilai Daerah JPPH ke 47 pada 28 - 31 Oktober 2002 di Kota Kinabalu, Sabah ]

Bibliographic Details
Corporate Authors: Persidangan Pengarah Penilaian Negeri dan Penilai Daerah JPPH, Jabatan Penilaian dan Perkhidmatan Harta
Format: Book
Language:Malay
Published: 2002
Subjects:

MARC

LEADER 00000cam a2200000 7i4500
001 0000026373
005 20150820.0
008 150820 my a may
040 |a INS 
090 0 0 |a S11 2002 
110 2 |a Persidangan Pengarah Penilaian Negeri dan Penilai Daerah JPPH   |n 47   |k 2002   |c Kota Kinabalu, Sabah 
245 1 0 |a [Kertas kerja - kertas kerja yang dibentangkan dalam Persidangan Pengarah Penilaian Negeri dan Penilai Daerah JPPH ke 47 pada 28 - 31 Oktober 2002 di Kota Kinabalu, Sabah ] 
260 |c 2002 
300 |a 1jil. ( Mukasurat pelbagai ) :   |b ill. ;   |c 30 cm. 
500 |a Anjuran Jabatan Penilaian dan Perkhidmatan Harta, Kementerian Kewangan Malaysia 
500 |a Tidak diterbitkan 
650 0 0 |a Valuation   |z Malaysia   |x Congresses 
650 0 0 |a Valuation   |z Malaysia   |x Management   |x Congresses 
710 1 |a Jabatan Penilaian dan Perkhidmatan Harta 
999 |a S000000848   |b BOOK   |c Seminar   |e Default branch